| 000 | 00767nam a2200265Ia 4500 | ||
|---|---|---|---|
| 001 | dia_75 | ||
| 003 | CHAP | ||
| 005 | 20221202140621.0 | ||
| 008 | 220117s1995 xx 000 0 und d | ||
| 010 | _a170507 | ||
| 020 | _a84-87440-70-3 | ||
| 040 | _cCHAP | ||
| 082 | _a614.31 M3 | ||
| 100 |
_aMadrid Vicente, Antonio _969710 |
||
| 245 |
_aReglamentaciones técnico-sanitarias del sector alimentario / _c por Antonio Madrid Vicente |
||
| 260 |
_aMadrid, España : _b Mundi Prensa, _c1995 |
||
| 300 | _a3 v. | ||
| 503 | _aI.207956 | ||
| 650 |
_aAlimentos _xHigiene _94224 |
||
| 650 |
_aAlimentos _xInspección _94239 |
||
| 901 | _a614.31 M3 | ||
| 902 | _aM | ||
| 905 | _a0000001995 sp X 0000000000spa00 | ||
| 942 |
_cLIBRO _2ddc |
||
| 999 |
_c170507 _d170507 |
||